Équipe ayant le plus de Coupe Stanley - Statistiques

Statistiques générales
  • Ce quiz a été pris 71 fois
  • Le résultat moyen est 10 sur 14
Statistiques - réponses
Hint Réponse % Correct
24 Coupes Stanley Canadiens
98%
6 Coupes Stanley Bruins
87%
13 Coupes Stanley Maple Leafs
82%
11 Coupes Stanley Red Wings
82%
5 Coupes Stanley Oilers
77%
4 Coupes Stanley Rangers
75%
6 Coupes Stanley Blackhawks
72%
4 Coupes Stanley Islanders
72%
5 Coupes Stanley Penguins
70%
2 Coupes Stanley Kings
69%
3 Coupes Stanley Avalanche
67%
3 Coupes Stanley Lightning
66%
3 Coupes Stanley Devils
62%
2 Coupes Stanley Flyers
57%
Aucun quiz correspondant
Distribution des résultats
% des personnes avec chaque résultat
Percentile par nombre de réponses
Votre historique - résultats
Vous n’avez pas pris ce quiz